[Event "Araraquara op"]
[Site "Araraquara"]
[Date "2023.02.21"]
[Round "6.38"]
[White "Furtado, Tiago Cicotti"]
[Black "Vergara, Alexandre"]
[Result "1-0"]
[WhiteElo "1497"]
[BlackElo "1800"]
[PlyCount "45"]
[EventDate "2023.02.19"]
[EventType "swiss"]
[EventRounds "6"]
[EventCountry "BRA"]
[SourceTitle "CBM 213 Extra"]
[Source "ChessBase"]
[SourceDate "2023.05.31"]
[SourceVersion "1"]
[SourceVersionDate "2023.05.31"]
[SourceQuality "1"]

1. c4 Nf6 2. Nc3 g6 3. d4 Bg7 4. e4 d6 5. f3 0-0 6. Bd3 Re8 7. Nge2 Nc6 8. d5 Ne5 9. Bg5 c6 10. Qd2 Nfd7 11. Ng3 Qa5 12. Be2 Nb6 13. Rc1 Nbxc4 14. Bxc4 Nxc4 15. Qe2 cxd5 16. exd5 e6 17. 0-0 Qb6+ 18. Kh1 Nxb2 19. Nge4 Bd7 20. Nf6+ Bxf6 21. Bxf6 exd5 22. Qd2 Re6 23. Nxd5 1-0

[Event "Araraquara op"]
[Site "Araraquara"]
[Date "2023.02.21"]
[Round "5.30"]
[White "Moreira, Alexandre Augusto"]
[Black "Furtado, Tiago Cicotti"]
[Result "1-0"]
[WhiteElo "1801"]
[BlackElo "1497"]
[PlyCount "46"]
[EventDate "2023.02.19"]
[EventType "swiss"]
[EventRounds "6"]
[EventCountry "BRA"]
[SourceTitle "CBM 213 Extra"]
[Source "ChessBase"]
[SourceDate "2023.05.31"]
[SourceVersion "1"]
[SourceVersionDate "2023.05.31"]
[SourceQuality "1"]

1. e4 c5 2. Nf3 Nc6 3. d4 cxd4 4. Nxd4 Nf6 5. Nc3 d6 6. f3 h5 7. Be3 a6 8. Qd2 g6 9. 0-0-0 Bd7 10. Nb3 b5 11. h3 Bg7 12. Be2 Qc7 13. Rdg1 Rc8 14. g4 Be6 15. Nd4 Nxd4 16. Bxd4 hxg4 17. hxg4 Rxh1 18. Rxh1 b4 19. Nd5 Bxd5 20. exd5 Ne4 21. fxe4 Bxd4 22. Bxa6 Bc3 23. bxc3 bxc3 1-0

[Event "Florianopolis op 9th"]
[Site "Florianopolis"]
[Date "2023.01.24"]
[Round "3"]
[White "Furtado, Tiago Cicotti"]
[Black "Bassani, Jaison Jose"]
[Result "0-1"]
[WhiteElo "1580"]
[BlackElo "1913"]
[PlyCount "66"]
[EventDate "2023.01.23"]
[EventType "swiss"]
[EventRounds "10"]
[EventCountry "BRA"]
[SourceTitle "CBM 212 Extra"]
[Source "ChessBase"]
[SourceDate "2023.03.31"]
[SourceVersion "1"]
[SourceVersionDate "2023.03.31"]
[SourceQuality "1"]

1. c4 Nf6 2. g3 g6 3. Nc3 Bg7 4. Bg2 0-0 5. Nf3 d6 6. d4 Nc6 7. 0-0 a6 8. e3 Rb8 9. a4 a5 10. Ne1 e5 11. d5 Nb4 12. Nd3 Nxd3 13. Qxd3 Nd7 14. e4 Nc5 15. Qc2 f5 16. Be3 f4 17. Bxc5 dxc5 18. gxf4 exf4 19. f3 Bd4+ 20. Kh1 Re8 21. Rad1 Re5 22. Nb5 Be3 23. Rfe1 Rh5 24. Rxe3 fxe3 25. Rd3 Qh4 26. Bf1 Bh3 27. Bxh3 Qe1+ 28. Kg2 Rg5+ 29. Bg4 e2 30. Re3 Qf1+ 31. Kg3 Qg1+ 32. Kf4 Rxg4+ 33. fxg4 Qxe3+ 0-1

[Event "Florianopolis Winter op 6th"]
[Site "Florianopolis"]
[Date "2022.07.15"]
[Round "5"]
[White "Furtado, Tiago Cicotti"]
[Black "Moyses Sobrinho, Elias"]
[Result "0-1"]
[WhiteElo "1562"]
[BlackElo "1823"]
[PlyCount "84"]
[EventDate "2022.07.13"]
[EventType "swiss"]
[EventRounds "9"]
[EventCountry "BRA"]
[SourceTitle "CBM 209 Extra"]
[Source "ChessBase"]
[SourceDate "2022.09.30"]
[SourceVersion "1"]
[SourceVersionDate "2022.09.30"]
[SourceQuality "1"]

1. e4 d5 2. exd5 Nf6 3. Bb5+ Bd7 4. Bxd7+ Qxd7 5. Nf3 Nxd5 6. 0-0 Nc6 7. Nc3 0-0-0 8. d3 e5 9. Re1 f6 10. a3 Nxc3 11. bxc3 Bc5 12. Qe2 g5 13. Qe4 h5 14. d4 exd4 15. cxd4 Nxd4 16. Nxd4 Qxd4 17. Qf5+ Kb8 18. Be3 Rd5 19. Qe6 Qe5 20. Bxc5 Qxe6 21. Bxa7+ Kxa7 22. Rxe6 Rhd8 23. Kf1 R8d6 24. Rxd6 Rxd6 25. Ke2 Ka6 26. Rb1 b5 27. Rb4 c5 28. Re4 Ka5 29. c3 c4 30. Rd4 Re6+ 31. Kd2 Ka4 32. Rd5 Re5 33. Rd6 f5 34. Ra6+ Kb3 35. Ra5 Rd5+ 36. Ke2 Kxc3 37. a4 Rd2+ 38. Ke1 bxa4 39. Rxa4 Rd5 40. Ra2 Rb5 41. Ra1 Kb2 42. Rd1 c3 0-1

[Event "Florianopolis Winter op 6th"]
[Site "Florianopolis"]
[Date "2022.07.13"]
[Round "1"]
[White "Furtado, Tiago Cicotti"]
[Black "Cordeiro, Marco Aurelio Zaror"]
[Result "0-1"]
[WhiteElo "1562"]
[BlackElo "2125"]
[PlyCount "78"]
[EventDate "2022.07.13"]
[EventType "swiss"]
[EventRounds "9"]
[EventCountry "BRA"]
[SourceTitle "CBM 209 Extra"]
[Source "ChessBase"]
[SourceDate "2022.09.30"]
[SourceVersion "1"]
[SourceVersionDate "2022.09.30"]
[SourceQuality "1"]

1. e4 Nf6 2. e5 Nd5 3. d4 d6 4. Nf3 Bg4 5. Bc4 dxe5 6. dxe5 e6 7. c3 Be7 8. Bxd5 exd5 9. Nbd2 0-0 10. Qb3 b6 11. 0-0 c5 12. h3 Be6 13. Qa4 Qc7 14. Re1 Nc6 15. Nf1 Rad8 16. Be3 Rfe8 17. Rac1 Bf5 18. Ng3 Bg6 19. Qg4 Qd7 20. Qf4 Qe6 21. Rcd1 h6 22. Bc1 Bc2 23. Rd2 g5 24. Qe3 Bg6 25. Rdd1 d4 26. cxd4 cxd4 27. Qb3 Qxb3 28. axb3 Bc2 29. Rd2 Bxb3 30. Nf5 Bb4 31. Nxh6+ Kf8 32. Nxg5 Bxd2 33. Bxd2 Rxe5 34. Nh7+ Kg7 35. Rc1 Rd6 36. Ng4 Kxh7 37. Nxe5 Nxe5 38. Bf4 Nd3 39. Bxd6 Nxc1 0-1

[Event "Curitiba Sul Region-ch"]
[Site "Curitiba"]
[Date "2017.04.16"]
[Round "5"]
[White "Furtado, Tiago Cicotti"]
[Black "Ferrero, Carlos E"]
[Result "0-1"]
[WhiteElo "1560"]
[BlackElo "1921"]
[PlyCount "94"]
[EventDate "2017.04.14"]
[EventType "swiss"]
[EventRounds "6"]
[EventCountry "BRA"]
[SourceTitle "CBM 178 Extra"]
[Source "ChessBase"]
[SourceDate "2017.06.22"]
[SourceVersion "1"]
[SourceVersionDate "2017.06.22"]
[SourceQuality "1"]

1. e4 e5 2. Nf3 Nf6 3. Nxe5 d6 4. Nf3 Nxe4 5. d4 d5 6. Nbd2 Bg4 7. c4 Bb4 8. Be2 dxc4 9. 0-0 Nxd2 10. Bxd2 Be7 11. Qa4+ Nc6 12. Bc3 0-0 13. Qxc4 Be6 14. Qb5 Bd5 15. Qd3 Bf6 16. Rfd1 Re8 17. Rd2 Qd6 18. a3 a6 19. Rad1 Re4 20. Qc2 Rg4 21. Qf5 Rf4 22. Qh3 Re8 23. Bd3 g6 24. Be2 h5 25. Ne5 Bb3 26. Bc4 Bxd1 27. Bxf7+ Kg7 28. Bxe8 Nxd4 29. Qd7+ Qxd7 30. Bxd7 Ne2+ 31. Kf1 Nxc3 32. bxc3 Bb3 33. g3 Re4 34. f4 Bxe5 35. fxe5 Rxe5 36. Bc8 Bc4+ 37. Kf2 b6 38. Rd7+ Kh6 39. Rxc7 Bb5 40. Rb7 Re2+ 41. Kg1 Re1+ 42. Kf2 Re2+ 43. Kf3 Rc2 44. Rxb6 Rxc3+ 45. Ke4 Rxc8 46. h4 Rc4+ 47. Ke5 Rg4 0-1